| 000 | 01015cam a22003135a 4500 | ||
|---|---|---|---|
| 001 | 17102804 | ||
| 005 | 20151101131744.0 | ||
| 008 | 120103t2012 njua frbd 001 0 eng d | ||
| 010 | _a 2011050292 | ||
| 020 | _a9780136068549 (hardcover : alk. paper) | ||
| 020 | _a0136068545 | ||
| 040 |
_aDLC _beng _cDLC _dDLC _dEG-ScBUE |
||
| 082 | 0 | 4 |
_a660.2969 _bELL _222 |
| 100 | 1 |
_aElliott, J. Richard. _938621 |
|
| 245 | 1 | 0 |
_aIntroductory chemical engineering thermodynamics / _cJ. Richard Elliott, Carl T. Lira. |
| 250 | _a2nd ed. | ||
| 260 |
_aUpper Saddle River : _bPrentice Hall / Pearson Education, _cc.2012. |
||
| 300 |
_axxvii, 876 p. : _bill. ; _c26 cm. |
||
| 500 | _aIndex : p. 869-876. | ||
| 500 | _aIncludes glossary. | ||
| 504 | _aIncludes bibliographical references. | ||
| 650 | 0 |
_aThermodynamics. _2BUEsh |
|
| 650 | 0 |
_aChemical engineering. _2BUEsh |
|
| 651 | _2BUEsh | ||
| 653 |
_bENGPET _cNovember2015 |
||
| 655 |
_vReading book _934232 |
||
| 700 | 1 | _aLira, Carl T. | |
| 942 |
_2ddc _k660.2969 ELL |
||
| 999 |
_c21003 _d20975 |
||